000 00428nam a2200157Ia 4500
008 210210b1999 xxu||||| |||| 00| 0 eng d
020 _a0 521 47854 5
082 _a410 RADL
100 _aRADFORD (Andrew) and others.
245 _aLinguistics: an introduction.
260 _aNew York.
_bNot Mentioned
_c1999
300 _axvi,438
650 _aLinguistics Sounds Words Sentences
690 _aLinguistics
906 _a055956
999 _c103364
_d103364